Municipis del Vinalopó Mitjà/Medio - Estadísticas

Estadísticas generales
  • Esta prueba ha sido intentada 204 veces
  • La puntuación promedio es 8 de 11
Respuestas en el mapa
Las respuestas están codificadas por una escala verde-roja en el mapa de la prueba según el % correcto abajo.
 
Estadísticas de respuestas
Resposta % Correcto
Elda
95%
Novelda
93%
Petrer
90%
Aspe
79%
Monòver
78%
el Pinós
73%
Monforte del Cid
72%
l'Alguenya
53%
la Romana
53%
el Fondó de les Neus
51%
el Fondó dels Frares
51%
No se encontraron pruebas coincidentes
Distribución de puntuación
Porcentaje de gente con cada puntuación
Porcentaje por número respondido
Historial de tus puntuaciones
No has intentado esta prueba.